BL (Thai) Dramas - Statistics

General Stats
  • This quiz has been taken 636 times
  • The average score is 7 of 16
Answer Stats
Hint Answer % Correct
Tharn/Type TharnType
90%
Sarawat/Tine 2gether
83%
Arthit/Kongpob SOTUS (SOTUS S)
68%
Dean/Pharm Until We Meet Again
67%
Khai/Third Theory of Love
64%
Ae/Pete Love by Chance
60%
Tutor/Fighter WHY R U
50%
Pha/Wayo 2Moons
38%
Korn/Knock Together With Me (TWM Next Chapter)
38%
Bohn/Duen MyEngineer
32%
Rome/Pick Senior Secret Love: Puppy Honey
32%
Tee/Mork 'Cause you're my boy
27%
PhunNoh Love Sick
27%
Tee/Fuse Make it Right (MIR 2)
26%
Waii/Apo Water Boyy The Series
8%
Pond/Tee The Best Twins
5%
No matching quizzes found
Score Distribution
Percent of People with Each Score
Percentile by Number Answered
Your Score History
You have not taken this quiz